[Event "Montigny le Bretonneux Noel op 20th"]
[Site "Montigny le Bretonneux"]
[Date "2019.12.27"]
[Round "2"]
[White "Fruchard, Alois"]
[Black "Trimbitasu, Elyas"]
[Result "1-0"]
[WhiteElo "1404"]
[BlackElo "1150"]
[PlyCount "117"]
[EventDate "2019.12.27"]
[EventType "swiss"]
[EventRounds "7"]
[EventCountry "FRA"]
[SourceTitle "CBM 194 Extra"]
[Source "ChessBase"]
[SourceDate "2020.03.31"]
[SourceVersion "1"]
[SourceVersionDate "2020.03.31"]
[SourceQuality "1"]

1. d4 d5 2. c4 e6 3. Nc3 Nf6 4. Bg5 h6 5. Bxf6 Qxf6 6. cxd5 Bb4 7. Qa4+ c6 8. Qxb4 exd5 9. Nf3 Na6 10. Qb3 0-0 11. e3 Bg4 12. Be2 Bxf3 13. Bxf3 Rab8 14. 0-0 c5 15. Nxd5 Qe6 16. Nf4 Qxb3 17. axb3 cxd4 18. exd4 Rfd8 19. Rfd1 Nb4 20. Rxa7 Nc6 21. Bxc6 bxc6 22. d5 cxd5 23. Rxd5 Rxd5 24. Nxd5 Rxb3 25. Ra2 Rd3 26. Ne3 f5 27. g3 g6 28. Ra1 Rb3 29. Rb1 Kf7 30. Kf1 Ke6 31. Ke2 Ke5 32. Nc4+ Kd4 33. Nd2 Rb7 34. Nf3+ Ke4 35. Nd2+ Kd4 36. f3 Kc5 37. g4 Rb6 38. b4+ Rxb4 39. Rxb4 Kxb4 40. gxf5 gxf5 41. Ke3 Kc5 42. Kf4 Kd4 43. Kxf5 Ke3 44. f4 Kf2 45. Kg4 Kg2 46. h4 h5+ 47. Kxh5 Kh3 48. f5 Kg3 49. f6 Kf2 50. f7 Ke3 51. f8Q Kxd2 52. Qa3 Kc2 53. Kg5 Kd2 54. Kf4 Kc2 55. Ke4 Kd2 56. Qd3+ Kc1 57. Qe2 Kb1 58. Kd3 Ka1 59. Kc3 1-0

[Event "Montigny Autumn-B 17th"]
[Site "Montigny le Bretonneux"]
[Date "2018.10.22"]
[Round "3"]
[White "Branson, James"]
[Black "Fruchard, Alois"]
[Result "1-0"]
[WhiteElo "1582"]
[BlackElo "1405"]
[PlyCount "93"]
[EventDate "2018.10.20"]
[EventType "tourn"]
[EventRounds "9"]
[EventCountry "FRA"]
[SourceTitle "EXT 2020"]
[Source "ChessBase"]
[SourceDate "2019.10.17"]
[SourceVersion "1"]
[SourceVersionDate "2019.10.17"]
[SourceQuality "1"]

1. d4 Nf6 2. Nf3 g6 3. Bf4 Bg7 4. Qd2 0-0 5. Bh6 d6 6. Bxg7 Kxg7 7. Nc3 Nc6 8. d5 Nb4 9. e4 e5 10. a3 Na6 11. Bxa6 bxa6 12. 0-0 Rb8 13. b4 Bg4 14. Qd3 Qc8 15. h3 Bd7 16. Nh2 Nh5 17. Ne2 f5 18. f3 g5 19. g4 fxg4 20. fxg4 Nf4 21. Nxf4 gxf4 22. Kh1 Qe8 23. Rg1 Qg6 24. Qf3 Kh8 25. g5 c6 26. c4 cxd5 27. cxd5 Rg8 28. h4 h5 29. gxh6 Qxh6 30. h5 Be8 31. Rxg8+ Kxg8 32. Qg4+ Kh8 33. Rg1 Bxh5 34. Qh4 Rf8 35. Rg5 Bf3+ 36. Nxf3 Qxh4+ 37. Nxh4 Rc8 38. Nf5 Rc1+ 39. Kg2 Rc2+ 40. Kf1 Ra2 41. Nxd6 Rxa3 42. Nf7+ Kh7 43. Nxe5 Re3 44. Ng4 Rb3 45. d6 Rxb4 46. d7 Rd4 47. Rd5 1-0

[Event "Montigny le Bretonneux Noel op 17th"]
[Site "Montigny le Bretonneux"]
[Date "2016.12.27"]
[Round "2"]
[White "Fruchard, Alois"]
[Black "Barthere, Gilles"]
[Result "0-1"]
[WhiteElo "1174"]
[BlackElo "1509"]
[PlyCount "130"]
[EventDate "2016.12.26"]
[EventType "swiss"]
[EventRounds "7"]
[EventCountry "FRA"]
[SourceTitle "CBM 176 Extra"]
[Source "ChessBase"]
[SourceDate "2017.03.02"]
[SourceVersion "1"]
[SourceVersionDate "2017.03.02"]
[SourceQuality "1"]

1. d4 Nf6 2. c4 e6 3. Nc3 Bb4 4. Nf3 Ne4 5. Bd2 Nxd2 6. Qxd2 0-0 7. e4 b6 8. a3 Be7 9. Bd3 Bb7 10. 0-0 c5 11. d5 d6 12. Qe3 e5 13. Nd2 Bg5 14. Qe2 Qf6 15. Rad1 Bc8 16. h3 Qg6 17. Qf3 Nd7 18. Ne2 Nf6 19. Ng3 Bf4 20. Nf5 Bxf5 21. exf5 Qg5 22. Ne4 Nxe4 23. Bxe4 Qf6 24. g3 Bh6 25. g4 a5 26. Qg3 Bf4 27. Qg2 g5 28. f3 Kg7 29. Qf2 Rh8 30. Kg2 h5 31. Rh1 Rh6 32. h4 Rah8 33. Rh3 hxg4 34. fxg4 Rxh4 35. Rdh1 Rxg4+ 36. Kf3 Rxh3+ 37. Rxh3 Rh4 38. Rxh4 gxh4 39. Qg2+ Bg3 40. Kg4 Kh6 41. Qf3 Qg5+ 42. Kh3 Qc1 43. Qe2 Qf4 44. Qf3 Kg5 45. b3 Qxf3 46. Bxf3 Kxf5 47. Bg4+ Kf4 48. Be6 f5 49. Bf7 e4 50. Bh5 e3 51. Be2 Ke4 52. Kg2 f4 53. a4 Be1 54. Kf1 Bc3 55. Kg2 Be1 56. Kf1 Bg3 57. Kg2 Kd4 58. Kf1 Kc3 59. Bd1 h3 60. Kg1 h2+ 61. Kg2 Kd2 62. Bf3 e2 63. Bxe2 Kxe2 64. Kh1 Kd2 65. Kg2 Kc3 0-1

[Event "Montigny le Bretonneux-C 15th"]
[Site "Montigny le Bretonneux"]
[Date "2016.10.30"]
[Round "9.5"]
[White "Fruchard, Alois"]
[Black "Sagon, Lancelot"]
[Result "0-1"]
[WhiteElo "1183"]
[BlackElo "1521"]
[PlyCount "148"]
[EventDate "2016.10.22"]
[EventType "tourn"]
[EventRounds "9"]
[EventCountry "FRA"]
[SourceTitle "EXT 2024"]
[Source "ChessBase"]
[SourceDate "2023.10.10"]
[SourceVersion "1"]
[SourceVersionDate "2023.10.10"]
[SourceQuality "1"]

1. d4 d5 2. c4 e6 3. Nc3 Nf6 4. e3 Nc6 5. Nf3 Be7 6. Be2 dxc4 7. Bxc4 0-0 8. 0-0 Bd6 9. Re1 e5 10. d5 Ne7 11. e4 c6 12. Bg5 cxd5 13. Nxd5 Nfxd5 14. Bxd5 Kh8 15. Qb3 f6 16. Bh4 Nxd5 17. exd5 b6 18. Nxe5 Bxe5 19. Rxe5 Qd6 20. Re3 Bb7 21. Rd1 Rfe8 22. Red3 Rad8 23. Bg3 Qe7 24. h3 Qd7 25. d6 Qc6 26. f3 Qc5+ 27. Kh2 Bc6 28. d7 Re2 29. Rc3 Bxf3 30. Rxf3 Qc6 31. Qc3 Qb7 32. Bc7 Rxd7 33. Rxd7 h6 34. Rd8+ Kh7 35. Qd3+ Re4 36. Re3 Qxc7+ 37. Qd6 Qxd6+ 38. Rxd6 Rxe3 39. Rd7 Re2 40. Rxa7 Rxb2 41. Rb7 Rxa2 42. Rxb6 Ra7 43. g4 Rf7 44. Rb5 g5 45. Kg3 Kg6 46. Rb6 h5 47. gxh5+ Kxh5 48. Rb5 f5 49. Kf3 Kh4 50. Kg2 f4 51. Rb4 Re7 52. Rb2 Re3 53. Rb7 Rg3+ 54. Kf2 Rxh3 55. Rh7+ Kg4 56. Re7 Rh2+ 57. Kg1 Ra2 58. Re4 Kg3 59. Kf1 Kf3 60. Re1 g4 61. Kg1 g3 62. Rf1+ Kg4 63. Kh1 f3 64. Rd1 Rh2+ 65. Kg1 f2+ 66. Kf1 Kh3 67. Rd5 Rh1+ 68. Ke2 f1Q+ 69. Ke3 Qf2+ 70. Ke4 Re1+ 71. Kd3 Rd1+ 72. Kc4 Qc2+ 73. Kb4 Rb1+ 74. Ka5 Qa2# 0-1

[Event "Montigny le Bretonneux Noel op 16th"]
[Site "Montigny le Bretonneux"]
[Date "2015.12.30"]
[Round "7"]
[White "Levier, Jean Francois"]
[Black "Fruchard, Alois"]
[Result "1-0"]
[WhiteElo "1458"]
[BlackElo "1182"]
[PlyCount "67"]
[EventDate "2015.12.27"]
[EventType "swiss"]
[EventRounds "7"]
[EventCountry "FRA"]
[SourceTitle "CBM 170 Extra"]
[Source "ChessBase"]
[SourceDate "2016.02.25"]
[SourceVersion "1"]
[SourceVersionDate "2016.02.25"]
[SourceQuality "1"]

1. e4 e6 2. d4 d5 3. Nc3 c5 4. Nf3 Nc6 5. e5 Be7 6. Bb5 a6 7. Bxc6+ bxc6 8. Ne2 cxd4 9. Nexd4 Bb7 10. c3 c5 11. Ne2 f6 12. Qa4+ Qd7 13. Qg4 Bd8 14. 0-0 Bb6 15. Qh5+ Qf7 16. Qg4 0-0-0 17. Be3 Ne7 18. Rfd1 Ng6 19. exf6 gxf6 20. b4 Qe7 21. bxc5 Bxc5 22. Bxc5 Qxc5 23. Qxe6+ Kb8 24. Rab1 Rhe8 25. Qxa6 Rd7 26. Ned4 Kc8 27. Qxf6 Qxc3 28. Rbc1 Rf8 29. Rxc3+ Kb8 30. Qb6 Nf4 31. Nc6+ Kc8 32. Nce5+ Kb8 33. Nxd7+ Ka8 34. Ra3+ 1-0

[Event "Montigny le Bretonneux op 13th"]
[Site "Montigny le Bretonneux"]
[Date "2014.10.23"]
[Round "6"]
[White "Fruchard, Alois"]
[Black "Verat Fayolle, Celian"]
[Result "0-1"]
[WhiteElo "1120"]
[BlackElo "1302"]
[PlyCount "66"]
[EventDate "2014.10.18"]
[EventType "swiss"]
[EventRounds "9"]
[EventCountry "FRA"]
[SourceTitle "EXT 2016"]
[Source "ChessBase"]
[SourceDate "2015.10.08"]
[SourceVersion "1"]
[SourceVersionDate "2015.10.08"]
[SourceQuality "1"]

1. d4 d5 2. c4 e6 3. Nc3 c5 4. e3 Nf6 5. Bd3 Nc6 6. Nf3 Bd6 7. 0-0 0-0 8. Re1 cxd4 9. exd4 b6 10. Bg5 dxc4 11. Bxc4 h6 12. Bh4 Bb4 13. Qd2 Bb7 14. a3 Bxc3 15. Qxc3 Rc8 16. Qd3 Na5 17. Ne5 Nxc4 18. Nxc4 Ba6 19. b3 g5 20. Bg3 Qd5 21. Rac1 Rc6 22. Re5 Qd7 23. Rd1 Rfc8 24. Rc1 b5 25. Qf3 Kg7 26. Re3 bxc4 27. Be5 Qe7 28. d5 exd5 29. Qxd5 Kg6 30. Qd4 cxb3 31. Rce1 Rc1 32. Bxf6 Rxe1+ 33. Rxe1 Qxe1# 0-1

[Event "Montigny le Bretonneux op 13th"]
[Site "Montigny le Bretonneux"]
[Date "2014.10.18"]
[Round "1"]
[White "Fruchard, Alois"]
[Black "Chahmirian, Armen"]
[Result "1-0"]
[WhiteElo "1120"]
[BlackElo "1530"]
[PlyCount "51"]
[EventDate "2014.10.18"]
[EventType "swiss"]
[EventRounds "9"]
[EventCountry "FRA"]
[SourceTitle "EXT 2016"]
[Source "ChessBase"]
[SourceDate "2015.10.08"]
[SourceVersion "1"]
[SourceVersionDate "2015.10.08"]
[SourceQuality "1"]

1. d4 d5 2. Nf3 Nf6 3. e3 Bf5 4. Nc3 Nc6 5. Bd3 Bg6 6. 0-0 e6 7. e4 dxe4 8. Nxe4 Bxe4 9. Re1 Bxf3 10. Qxf3 Qxd4 11. c3 Qd5 12. Qe3 Bc5 13. Qg3 0-0-0 14. Bc2 e5 15. Qxg7 Rhg8 16. Bf5+ Kb8 17. Bh6 Rxg7 18. Bxg7 Rg8 19. Rad1 Nd4 20. c4 Qc6 21. Be4 Nxe4 22. Bxe5 Nd2 23. f3 N4xf3+ 24. Kh1 Nxe1 25. Rxd2 Rxg2 26. Rd8# 1-0